000 01117cad a22002295a 4500
001 L157686
008 130227s2013 xxk f 000 0 eng d
035 _a(Sirsi) u157686
041 0 _aeng
110 2 _aBritish Property Federation
_91604
245 0 0 _aHeritage Works
_bThe use of historic buildings in regneration
_bA toolkit of good practice
_h[electronic resource]
250 _a2nd edition
260 _aLondon
_bBPF
_c2013
520 _aUpdated from the 2006 first edition the publication shows how heritage based regeneration can work in practice. Provides practical step-by-step guide for developers, owners, local authorities and advisers provides invaluable advice and warns of common pitfalls and points to ways of overcoming them.
590 _aKA
651 4 _aEngland
_y886-
710 1 _aDeloitte
_95633
710 1 _aEnglish Heritage
_92714
710 1 _aRoyal Institution of Chartered Surveyors
_94900
856 4 0 _uhttps://www.deloitterealestate.co.uk/cmspages/getfile.aspx?guid=45fa1ce8-8a10-41af-95e9-f28a79b0dd20
_zView the item free of charge at www.deloitterealestate.co.uk
942 _n0
999 _c114921
_d114921